| 000 | 00461nam a22001697a 4500 | ||
|---|---|---|---|
| 999 |
_c20748 _d20748 |
||
| 003 | BDDh-ASL | ||
| 005 | 20231015025930.0 | ||
| 008 | 210113s1963 enk||||| |||| 00| 0 eng d | ||
| 040 | _cBDDh-ASL | ||
| 082 |
_a297.12 _bQUB |
||
| 100 | 1 |
_92743 _aBeeston, A. F. L. |
|
| 245 | 1 | 0 | _aBaidawi's Commentary on Surah 12 of the Qur'an / |
| 260 |
_aLondon: _bAt the Clarendon Press, _c1963. |
||
| 300 |
_a98 p.: _c25 cm. |
||
| 650 | 0 |
_91652 _aIslam |
|
| 942 |
_2ddc _cBK |
||